Statistics for Biggest European Cities by Century

Click here to take the quiz!

General Stats

  • This quiz has been taken 106,362 times
    (86,950 since last reset)
  • The average score is 18 of 38

Answer Stats

# CenturiesCity% Correct
5London
99%
8Paris
98%
1Rome
97%
2Berlin
96%
3Moscow
93%
9Constantinople
80%
7Milan
79%
2Amsterdam
77%
2Vienna
77%
2St. Petersburg
74%
3Lisbon
72%
1Manchester
72%
4Naples
68%
8Venice
67%
2Kyiv
61%
1Prague
59%
1Birmingham
55%
1Florence
54%
1Lyon
54%
1Liverpool
53%
1Glasgow
44%
2Cologne
33%
2Genoa
33%
5Seville
32%
3Palermo
29%
1Sarai
22%
5Granada
16%
2Thessaloniki
15%
3Córdoba
14%
2Bruges
11%
2Ghent
7%
2Adrianople
4%
1Rouen
4%
1Amalfi
3%
1Caffa
2%
1Ohrid
2%
1Regensburg
2%
1Salerno
2%

Score Distribution

Percentile by Number Answered

Percent of People with Each Score

Your Score History

You have not taken this quiz since the last reset